Logo BPK

Biblioteka

Politechniki Koszalińskiej

Europejska współpraca ekologiczna : (Rekord nr 44645)

Szczegóły MARC
000 -ETYKIETA REKORDU
podpole kontrolne o stałej długości 00835nam a2200241 i 4500
001 - NUMER KONTROLNY REKORDU
pole kontrolne bg
020 ## - MIĘDZYNARODOWY ZNORMALIZOWANY NUMER KSIĄŻKI - ISBN
ISBN 8371515545
040 ## - ŹRÓDŁO KATALOGOWANIA
Instytucja, która utworzyła rekord BPK
041 0# - KOD JĘZYKA
Kod języka tekstu pol
080 ## - UNIWERSALNA KLASYFIKACJA DZIESIĘTNA - UKD
UKD 504.03"1945/...":349.6](4)
920 ## - Międzynarodowy znormalizowany numer książki – ISBN
ISBN 83-7151-554-5
008 - POLE O STAŁEJ DŁUGOŚCI - DANE KONTROLNE
podpole kontrolne o stałej długości s pl f |000 0 pol
100 1# - NAZWA OSOBOWA
Nazwa osobowa MUSZYŃSKA-KURNIK, Małgorzata
245 10 - TYTUŁ/ODPOWIEDZIALNOŚĆ
Tytuł Europejska współpraca ekologiczna :
Ciąg dalszy tytułu aspekty instytucjonalne i prawne /
Pozostałe elementy strefy tytułu i oznaczenia odpowiedzialności Małgorzata Muszyńska-Kurnik.
260 ## - STREFA ADRESU WYDAWNICZEGO
Miejsce wydania Warszawa :
Nazwa wydawcy/dystrybutora "Elipsa",
Data publikacji, dystrybucji/powstania dokumentu 2003.
300 ## - STREFA OPISU FIZYCZNEGO
Objętość 104 s. ;
Rozmiary 21 cm.
504 ## - UWAGA DOTYCZĄCA BIBLIOGRAFII
Informacje o bibliografii Bibliogr.
650 #9 - HASŁO PRZEDMIOTOWE W FORMIE NAZWY OGÓLNEJ LUB JEDNOSTKOWEJ
Nazwa ogólna lub geograficzna Ochrona środowiska
Określnik ogólny polityka
Określnik geograficzny Europa
Określnik chronologiczny od 1945 r.
650 #9 - HASŁO PRZEDMIOTOWE W FORMIE NAZWY OGÓLNEJ LUB JEDNOSTKOWEJ
Nazwa ogólna lub geograficzna Prawo ochrony środowiska
Określnik geograficzny Europa
Określnik chronologiczny od 1945 r.
650 #9 - HASŁO PRZEDMIOTOWE W FORMIE NAZWY OGÓLNEJ LUB JEDNOSTKOWEJ
Nazwa ogólna lub geograficzna Ruchy i organizacje ekologiczne
Określnik geograficzny Europa
Określnik chronologiczny od 1945 r.
856 ## - LOKALIZACJA I DOSTĘP DO ELEKTRONICZNYCH DOKUMENTÓW ZDALNYCH
Link (URL) http://koha.tu.koszalin.pl/cgi-bin/koha/opac-detail.pl?biblionumber=44645
Tekst linku Katalog online BPK
942 ## - DODATKOWE ELEMENTY (KOHA)
Typ dokumentu Książka
Egzemplarze
Wycofany Status egzemplarza Uszkodzony Dostępność Lokalizacja stała Lokalizacja bieżąca Miejsce przechowywania Sygnatura Kod kreskowy Dział Typ dokumentu Ostatnio wypożyczono
      Tylko na miejscu Biblioteka Politechniki Koszalińskiej Biblioteka Politechniki Koszalińskiej Czytelnia BG 72120 02175010 502.1 Środowisko a społeczeństwo. Ekorozwój Książka  
      Dostępny Biblioteka Politechniki Koszalińskiej Biblioteka Politechniki Koszalińskiej Wypożyczalnia BG 72121 02175003   Książka 18.06.2019
© 2023 Biblioteka Politechniki Koszalińskiej :: KOHA